000 00576nam a22001817a 4500
003 OSt
005 20260129014229.0
008 260129b |||||||| |||| 00| 0 eng d
040 _aDWCL GS library
_cOC
082 _aFic. B862r 2002
100 _aChouldhury, Bani Roy
245 _aRobin hood
_bbritish folklore
260 _aplace of publication not identified
_bNew Dawn Press Group
_cc2005
300 _a67
_billustrations
_c22cm
546 _aEnglish
700 _aBani Roy Chouldhury
942 _2ddc
_cFIC.
_hFic. B862r 2002
_n0
999 _c7931
_d7931